[Event "Nuremberg Zabo op 14th"]
[Site "Nuremberg"]
[Date "2012.09.15"]
[Round "2.56"]
[White "Daumin, Jan"]
[Black "Homfeldt, Maren"]
[Result "1/2-1/2"]
[WhiteElo "1491"]
[BlackElo "866"]
[PlyCount "30"]
[EventDate "2012.09.14"]
[EventType "swiss"]
[EventRounds "5"]
[EventCountry "GER"]
[SourceTitle "EXT 2022"]
[Source "ChessBase"]
[SourceDate "2021.10.06"]
[SourceVersion "1"]
[SourceVersionDate "2021.10.06"]
[SourceQuality "1"]

1. e4 g6 2. d4 Bg7 3. Nc3 e6 4. Nf3 h6 5. Be3 Ne7 6. Bd3 d6 7. Qd2 a6 8. 0-0 Nd7 9. Ne1 b6 10. f4 Bb7 11. Nf3 c5 12. a4 Qc7 13. dxc5 Nxc5 14. b4 Nxd3 15. cxd3 Bxc3 1/2-1/2

[Event "Forchheim op 10th"]
[Site "Forchheim"]
[Date "2011.10.08"]
[Round "3"]
[White "Sivaji, Siva"]
[Black "Daumin, Jan"]
[Result "1/2-1/2"]
[WhiteElo "1890"]
[BlackElo "1429"]
[PlyCount "107"]
[EventDate "2011.10.07"]
[EventType "swiss"]
[EventRounds "5"]
[EventCountry "GER"]
[SourceTitle "CBM 144 Extra"]
[Source "ChessBase"]
[SourceDate "2011.10.28"]
[SourceVersion "1"]
[SourceVersionDate "2011.10.28"]
[SourceQuality "1"]

1. d4 d5 2. c4 e6 3. Nc3 Bb4 4. a3 Ba5 5. b4 Bxb4 6. axb4 dxc4 7. e3 Nf6 8. Bxc4 0-0 9. Nf3 Nc6 10. b5 Ne7 11. Ba3 Re8 12. Bc5 b6 13. Bxe7 Rxe7 14. Ne5 Bb7 15. Nc6 Bxc6 16. bxc6 Qd6 17. Qa4 a5 18. Be2 e5 19. dxe5 Rxe5 20. 0-0 Rc5 21. Nb5 Qxc6 22. Bf3 Nd5 23. Rfd1 Qxb5 24. Qxb5 Rxb5 25. Bxd5 Rc8 26. Bc6 Rc5 27. Rac1 Rxc1 28. Rxc1 Rd8 29. Kf1 h6 30. Ke2 Kf8 31. f4 Ke7 32. g4 f6 33. Rc4 Rd6 34. e4 Ke6 35. e5 fxe5 36. f5+ Kf6 37. h4 h5 38. g5+ Kxf5 39. Be4+ Kf4 40. Bf3+ Rd4 41. Rxc7 Kg3 42. Rxg7 Kxh4 43. g6 Kg5 44. Re7 Kxg6 45. Rxe5 h4 46. Re6+ Kf5 47. Rxb6 Kf4 48. Rh6 Kg3 49. Rg6+ Kf4 50. Rg4+ Ke5 51. Rg5+ Kf4 52. Rxa5 Kg3 53. Rg5+ Kf4 54. Rg4+ 1/2-1/2

[Event "Nuremberg Zabo op 13th"]
[Site "Nuremberg"]
[Date "2011.09.17"]
[Round "2"]
[White "Daumin, Jan"]
[Black "Hummel, Thomas1111"]
[Result "0-1"]
[WhiteElo "1429"]
[BlackElo "1734"]
[PlyCount "64"]
[EventDate "2011.09.16"]
[EventType "swiss"]
[EventRounds "5"]
[EventCountry "GER"]
[SourceTitle "EXT 2013"]
[Source "ChessBase"]
[SourceDate "2012.11.22"]
[SourceVersion "1"]
[SourceVersionDate "2012.11.22"]
[SourceQuality "1"]

1. e4 Nf6 2. Nc3 d6 3. d4 g6 4. Be3 Bg7 5. Nf3 c6 6. Be2 b5 7. Qd3 b4 8. Na4 Qa5 9. e5 Ng4 10. b3 dxe5 11. dxe5 Nxe5 12. Nxe5 Bxe5 13. Rd1 0-0 14. 0-0 Bf5 15. Qd2 Qc7 16. f4 Bd6 17. Nc5 Bxc5 18. Bxc5 a5 19. c4 Na6 20. Bd4 Rfd8 21. Qe3 c5 22. Be5 Qb6 23. g4 Bd7 24. f5 Be8 25. Qh6 f6 26. Bb2 Rxd1 27. Bxd1 Rd8 28. Re1 Qd6 29. h4 Qg3+ 30. Kf1 Bc6 31. Rxe7 Rxd1+ 32. Ke2 Qf3# 0-1